000 00469nam a2200157 4500
001 144261
003 ES-MaACL
005 20230906200958.0
007 t|
008 070214s1931 sp r ||||1| spa d
100 1 _aSierra Corella, Antonio.
_9106267
245 1 3 _aEl Archivo Municipal de Toledo
_b: estudio y relación de sus fondos /
_cAntonio Sierra Corella.
260 _aMadrid :
_b[s.n.],
_c1931.
300 _a110 p. ;
_c25 cm.
852 _aES-MaACL
_j1752-F-18
999 _c144261
_d144261